| 000 | 00490nam a2200193Ia 4500 | ||
|---|---|---|---|
| 008 | 210210b2019 xxu||||| |||| 00| 0 eng d | ||
| 041 | _aeng | ||
| 082 | _a658.4012 ADIS | ||
| 100 | _aADIGA (K S) | ||
| 245 | _aStrategic management and organisational behaviour | ||
| 260 |
_aUdupi _bShubha Prakashana _c2019 |
||
| 300 | _a180 | ||
| 650 | _aStrategic | ||
| 650 | _aorganisational | ||
| 650 | _amanagement | ||
| 650 | _abehaviour | ||
| 690 | _aStrategic Management | ||
| 906 | _a073315 | ||
| 999 |
_c123187 _d123187 |
||